000 00330nam a2200121Ia 4500
005 20250424120310.0
008 250424s9999 xx 000 0 und d
022 _a07947729
245 0 _aNigeria journal of political science
260 _aKeffi
260 _bDepartment of Political Science Nasarawa State University
942 _cSR
999 _c38523
_d38523